000 03186cam a2200349 a 4500
001 16466185
003 OSt
005 20231205103230.0
008 100920s2011 nyua b 001 0 eng
010 _a 2010039768
020 _a9780230247642 (hardback)
020 _a0230247644 (hardback)
035 _a(OCoLC)ocn665064431
040 _aDLC
_cDLC
_dYDX
_dYDXCP
_dDLC
042 _apcc
043 _aa-ii---
050 0 0 _aPN1993.5.I4
_bV375 2011
082 0 0 _a791.430954
_bVAS/M
100 1 _aVasudevan, Ravi
_910025
245 1 4 _aThe melodramatic public :
_bfilm form and spectatorship in Indian cinema /
_cRavi Vasudevan.
260 _aNew York :
_bPalgrave Macmillan,
_cc2011.
300 _axvii, 457 p. :
_bill. ;
_c22 cm.
504 _aIncludes bibliographical references (p. [415]-436) and index.
505 8 _aMachine generated contents note: -- PART I: MELODRAMATIC AND OTHER PUBLICS * Shifting Codes, Dissolving Identities: Realist Art Cinema Criticism and Popular Film Form * The Politics of Cultural Address in a 'Transitional' Cinema * Neither State Nor Faith: Mediating Sectarian Conflict in Popular Cinema * A Modernist Public: The Double Take of Modernism in the Work of Satyajit Ray * PART II: CINEMA AND TERRITORIAL IMAGINATION IN THE SUBCONTINENT: TAMILNADU AND INDIA * Voice, Space, Form: the Symbolic and Territorial Itinerary of Mani Rathnams Roja (1992) * Bombay (Mani Rathnam, 1995) and Its Publics * Another History Rises to the Surface: Melodrama in the Age of Digital Simulation: Hey Ram! (Kamalahasan, 1999) * PART III: MELODRAMA MUTATED AND DIFFERENTIATED: NARRATIVE FORM, URBAN VISTAS AND NEW PUBLICS IN A HISTORY OF THE PRESENT * Selves Made Strange: Violent and Performative Bodies in the Cities of Indian Cinema 19742003 * The Contemporary Film Industry I: The Meanings of 'Bollywood.
520 _a"What does it mean to say Indian movies are melodramatic? How do film audiences engage with socio-political issues? What role has cinema played in the emergence of new economic forms, consumer cultures, and digital technologies in a globalizing India? The Melodramatic Public analyzes melodrama as a narrative architecture and expressive form which connect the public and the private, the personal and the political, in ways that draw film audiences into complex passages of historical change. Vasudevan explores film form and narrative strategy across a wide repertoire of film traditions, including popular classics and canonical art works. Topics include the contemporary global moment associated with the category "Bollywood," changes in state policy and industrial organization, and the impact of digital technologies, new economies of consumption, and wider export markets on Indian film culture" --
_cProvided by publisher.
650 0 _aMotion pictures
_zIndia.
650 0 _aMelodrama in motion pictures.
650 0 _aMotion pictures
_xSocial aspects
_zIndia.
906 _a7
_bcbc
_corignew
_d1
_eecip
_f20
_gy-gencatlg
942 _2ddc
_cBK
_h791.430954
_iVAS/M
_k791.430954
_mVAS/M
999 _c43829
_d43829